00677 2200241 4500001002100000005001500021008000500036020002200041035002400063040001200087082001400099084001800113100002700131245010900158260003200267300002900299504002700328650002000355850001200375990001600387990001600403990001600419YOGYA00000000009966920140823124339 ind a978-602-978-843-3 0010-101300000000562 aYOPDYOG 2[22]a729 aYog 729 Sit A aSITIATAVA RIZEMA PUTRA aAneka kreasi desain interior khusus rumah berbasis gebyok/cSitiatava Rizema Putra ; editor, Virsya Hany aYogyakarta:bHarmoni,c2011 a108 hlm.:bilus.;c23 cm aBibliografi : hlm. 107 aDesain interior aYOPDYOG a1618/B.2013 a1619/B.2013 a1620/B.2013